01566cam a22004214i 4500003000900000005001700009008004100026020001500067035002700082040003300109082001800142100002900160245012100189264005000310300003800360336002100398337002500419338002300444490006600467505039000533526001000923526001000933526000900943526000900952526000900961526000900970526000900979526000900988526000900997526000801006526000801014526000801022526000801030526000801038600004001046630005301086650000501139PE-LiUPU20250731165637.0150616s r 000 0 d a1850754276 a(Sirsi) i9781850754275 aPE-LiUPUbspacPE-LiUPUerda04a221.07bJ2211 aAuld, A. Graeme,eautor.10aUnderstanding poets and prophets :bessays in honour of George Wishart Anderson.n152 /ceditado por A. Graeme Auld. 1aSheffield :bSheffield Academic Press,c1993. a445 páginas ;c21 centímetros atext2rdacontent aunmediated2rdamedia avolume2rdacarrier0 aJournal for the Study of the O.Testament Suppl. Series ;v1520 aGrundtext och urtext: om underlaget for svenska oversattningar av Gamla testamentet -- Wilhelm vischer and allegory -- Insccribing the covenant: Writing and the written in Jeremiah -- Clans, etat monarchique, et tribus -- Jeremiah 1-25 and the Deuteronomistic history -- The Old Testament in the Cchurch -- Lice or a veil in the song of songs -- The anatomy of Hebrew narrative poetry. aSEG44 aSEG26 aP151 aP150 aP149 aP146 aP145 aP126 aP125 aP92 aP75 aP74 aP27 aP151 aAnderson, George W.xBibliografía aBiblia.pA.T.xCrítica, interpretación, etc.04a